| 000 | 01984cam a22004574i 4500 | ||
|---|---|---|---|
| 003 | PE-LiUPU | ||
| 005 | 20250731184542.0 | ||
| 008 | 150623s r 000 0 d | ||
| 020 | _a0952543222 | ||
| 035 | _a(Sirsi) i9780952543220 | ||
| 040 |
_aPE-LiUPU _bspa _cPE-LiUPU _erda |
||
| 049 | _aPRUA | ||
| 082 | 0 | 4 |
_a956.944 _bK56 _221 |
| 100 | 1 |
_aKing, Anthony, _eautor. |
|
| 245 | 1 | 0 |
_aJerusalem revealed / _cAnthony King. |
| 264 | 1 |
_aCambridgeshire, Inglaterra : _bBoxer Publishing, _c1997. |
|
| 300 |
_a272 páginas : _bilustraciones fotos, gráficos ; _c21 centímetros |
||
| 336 |
_atext _2rdacontent |
||
| 337 |
_aunmediated _2rdamedia |
||
| 338 |
_avolume _2rdacarrier |
||
| 505 | 0 | _aBackground information: An introduction to the city. History. -Touring Jerusalem and environs: An introduction to the old city quarters. The muslim quarter. The christian quarter. The Jewish quarter. The armenian quarter. Haram al-sharif and area. Ramparts walk and old city gates. The old city souks. The citadel. Mont of Olives. Mount zion. The ancient city and kidron valley. North of the old city. West of the walls. Bethlehem. Bethany. Ein Karem. Monastery of mar saba. -Information for travellers: General information. Language. | |
| 526 | _aP136 | ||
| 526 | _aP135 | ||
| 526 | _aP134 | ||
| 526 | _aP133 | ||
| 526 | _aP144 | ||
| 526 | _aP143 | ||
| 526 | _aP87 | ||
| 526 | _aP35 | ||
| 526 | _aP20 | ||
| 526 | _aP14 | ||
| 526 | _aP10 | ||
| 526 | _aP06 | ||
| 651 |
_aJerusalem _xDescripciones y viajes _vGuías. |
||
| 942 |
_2ddc _cBOOK |
||
| 949 |
_a956.944 K56 _wDEWEY _c1 _i51456 _lCCODEBUL1 _mBUL _p10.00 _r0 _sY _tBOOK _u2015-6-24 _xTEOLOGIA _PP35 _0COMPRA _o.STAFF. Colección General |
||
| 994 |
_aC0 _bPEPRU |
||
| 596 | _a1 | ||
| 999 |
_a956.944 K56 _wDEWEY _c33177 _i51456 _f2021-11-11 _g5 _lCCODEBUL1 _mBUL _p10.00 _r0 _sY _tBOOK _u2015-6-24 _xTEOLOGIA _PP35 _0COMPRA _o.STAFF. Colección General _d33177 |
||
| 980 |
_81 _gALBERTO SANCHEZ Responsable de Automatización |
||